| 000 | 00863nam a22002177a 4500 | ||
|---|---|---|---|
| 999 |
_c19058 _d19058 |
||
| 003 | AR-CdUCM | ||
| 008 | 190516b ||||| |||| 00| 0 spa d | ||
| 040 |
_aMUNICIPALIDAD PROVINCIAL DEL CUSCO _cBIBLIOTECA MUNICIPAL DEL CUSCO |
||
| 082 |
_a631.4 / _bL94 |
||
| 100 |
_aLozano, Miguel J. _940141 |
||
| 245 |
_aLos suelos y su manejo : _bUna guía para su conservación, mejoramiento y buen manejo / |
||
| 260 |
_aE. U. A. : _bAgricultura de las Américas, _c1966. |
||
| 300 |
_a208 páginas ; _c25 cm. |
||
| 440 |
_aLa revista agropecuaria moderna _940142 |
||
| 505 | _aContenido : Propiedades físicas -- Nociones de química del suelo -- Cobertura vegetal -- Construcción de terrazas... | ||
| 650 |
_aCrecimiento de plantas _940143 |
||
| 650 |
_aFertilizantes y sus funciones _940144 |
||
| 650 |
_aNutrientes _940145 |
||
| 942 |
_2ddc _cLIBROS |
||
| 945 | _arcc | ||